Тезисы доклада тов. В. Молотова на XVIII съезде ВКП(б) (Запись № 11572900)
[ простой вид ]
| 000 -МАРКЕР | |
|---|---|
| контрольное поле | 03081nam0a2200373 4500 |
| 001 - ИДЕНТИФИКАТОР ЗАПИСИ | |
| контрольное поле | RU\NLR\BIBL_A\012035235 |
| 005 - ИДЕНТИФИКАТОР ВЕРСИИ | |
| контрольное поле | 20260408084137.0 |
| 035 ## - ДРУГИЕ СИСТЕМНЫЕ НОМЕРА | |
| Идентификатор записи | (NLR Aleph) 012035235 |
| 100 ## - ДАННЫЕ ОБЩЕЙ ОБРАБОТКИ | |
| Данные общей обработки | 20190613d1939 |||y0rusy50 ca |
| 101 0# - ЯЗЫК РЕСУРСА | |
| Язык текста, звукозаписи и т.д. | русский |
| 102 ## - СТРАНА ПУБЛИКАЦИИ ИЛИ ПРОИЗВОДСТВА | |
| Страна публикации | российская федерация |
| 105 ## - ПОЛЕ КОДИРОВАННЫХ ДАННЫХ: ТЕКСТОВЫЕ МАТЕРИАЛЫ, МОНОГРАФИЧЕСКИЕ | |
| Кодированные данные о монографическом текстовом документе | y z 000zy |
| 200 1# - ЗАГЛАВИЕ И СВЕДЕНИЯ ОБ ОТВЕТСТВЕННОСТИ | |
| Основное заглавие | Тезисы доклада тов. В. Молотова на XVIII съезде ВКП(б) |
| 210 ## - ПУБЛИКАЦИЯ, РАСПРОСТРАНЕНИЕ И ДР. | |
| Место издания, распространения и т.д. | Иркутск |
| Имя издателя, распространителя и т. д. | Иркутское областное изд-во |
| Дата издания, распространения и т.д. | 1939 |
| 215 ## - ФИЗИЧЕСКАЯ ХАРАКТЕРИСТИКА | |
| Специфическое обозначение материала и объем | 49, [2] с. |
| Размеры | 21 |
| 225 1# - СЕРИЯ | |
| Основное заглавие серии | К восемнадцатому съезду ВКП(б) |
| 300 ## - ОБЩИЕ ПРИМЕЧАНИЯ | |
| Текст примечания | В содерж.: 1-е произведение: Третий пятилетний план развития народного хозяйства СССР (1938-1942 гг.): тезисы доклада тов. В. Молотова на XVIII съезде ВКП(б), одобренные в основном Политбюро ЦК ВКП(б). Изменения в уставе ВКП(б): тезисы доклада тов. А. Жданова на XVIII съезде ВКП(б), одобренные в основном Политбюро ЦК ВКП(б) |
| 423 #0 - ИЗДАЕТСЯ В ОДНОЙ ОБЛОЖКЕ ВМЕСТЕ С ... | |
| Встроенное поле | 2001#$aТезисы доклада тов. А. Жданова на XVIII съезде ВКП(б) |
| -- | 210##$aИркутск$d1939 |
| -- | 215##$aС. 37-50 |
| -- | 700#1$aЖданов$bА. А.$cпарт. и гос. деятель$f1896-1948$gАндрей Александрович$3RU\NLR\AUTH\77126940 |
| Заглавие | Тезисы доклада тов. А. Жданова на XVIII съезде ВКП(б) |
| Автор | Жданов, Андрей Александрович (парт. и гос. деятель ; 1896-1948) |
| 517 1# - ДРУГИЕ ВАРИАНТЫ ЗАГЛАВИЯ | |
| Вариант заглавия | Третий пятилетний план развития народного хозяйства СССР (1938-1942 гг.) |
| Сведения, относящиеся к заглавию | тезисы доклада тов. В. Молотова на XVIII съезде ВКП(б), одобренные в основном Политбюро ЦК ВКП(б) |
| 517 1# - ДРУГИЕ ВАРИАНТЫ ЗАГЛАВИЯ | |
| Вариант заглавия | Изменения в уставе ВКП(б) |
| Сведения, относящиеся к заглавию | тезисы доклада тов. А. Жданова на XVIII съезде ВКП(б), одобренные в основном Политбюро ЦК ВКП(б) |
| 600 #1 - ИМЯ ЛИЦА КАК ПРЕДМЕТ | |
| Начальный элемент ввода | Молотов |
| Часть имени, кроме начального элемента ввода | В.М. |
| Даты | 1890 - 1986 |
| Расширение инициалов личного имени | Вячеслав Михайлович |
| Системный номер авторитетной/нормативной записи | 2163184 |
| Идентификатор авторитетной/нормативной записи | RU\NLR\AUTH\661301702 |
| 600 #1 - ИМЯ ЛИЦА КАК ПРЕДМЕТ | |
| Начальный элемент ввода | Жданов |
| Часть имени, кроме начального элемента ввода | А. А. |
| Даты | 1896 - 1948 |
| Расширение инициалов личного имени | Андрей Александрович |
| Системный номер авторитетной/нормативной записи | 1023758 |
| Идентификатор авторитетной/нормативной записи | RU\NLR\AUTH\66391609 |
| 601 02 - НАИМЕНОВАНИЕ ОРГАНИЗАЦИИ КАК ПРЕДМЕТ | |
| Начальный элемент ввода | КПСС |
| Структурное подразделение организации | Съезд |
| Порядковый номер временной организации и / или порядковый номер ее части | 18 |
| Место проведения временной организации | Москва, город |
| Дата проведения временной организации | 1939 |
| Системный номер авторитетной/нормативной записи | 2414036 |
| Идентификатор авторитетной/нормативной записи | RU\NLR\AUTH\6601657121 |
| 686 #3 - ИНДЕКСЫ ДРУГИХ КЛАССИФИКАЦИЙ | |
| Индекс | Ф61(2)272.3-11"1939" |
| 686 3# - ИНДЕКСЫ ДРУГИХ КЛАССИФИКАЦИЙ | |
| Индекс | Т3(2)73-8 |
| 686 1# - ИНДЕКСЫ ДРУГИХ КЛАССИФИКАЦИЙ | |
| Индекс | Т3(2)72-8 |
| 700 #1 - ИМЯ ЛИЦА - ПЕРВИЧНАЯ ОТВЕТСТВЕННОСТЬ | |
| Материалы, к которым относится поле | rus |
| Графика поля | Кириллица |
| Начальный элемент ввода | Молотов |
| Часть имени, кроме начального элемента ввода | В. М. |
| Даты | 1890-1986 |
| Расширение инициалов личного имени | Вячеслав Михайлович |
| Идентификатор авторитетной/нормативной записи | RU\NLR\AUTH\77127154 |
| Системный номер авторитетной/нормативной записи | 110078 |
| 712 02 - НАИМЕНОВАНИЕ ОРГАНИЗАЦИИ - ВТОРИЧНАЯ ОТВЕТСТВЕННОСТЬ | |
| Код отношения | Прочие |
| Начальный элемент ввода | ВКП(б) |
| Структурное подразделение | Съезд |
| Порядковый номер временной организации и / или порядковый номер ее части | 18 |
| Дата проведения временной организации | 1939 |
| Место проведения временной организации | Москва |
| Идентификатор авторитетной/нормативной записи | RU\NLR\AUTH\8810182242 |
| Системный номер авторитетной/нормативной записи | 861096 |
| 852 ## - МЕСТОНАХОЖДЕНИЕ И ШИФР ХРАНЕНИЯ | |
| Идентификатор организации | NLR |
| Шифр хранения (Call Number) | 39-10/1730 |
| 942 ## - ДОПОЛНИТЕЛЬНЫЕ ЭЛЕМЕНТЫ ЗАПИСИ (АБИС) | |
| Тип экземпляра АБИС | Книга |
| 980 ## - КОЛЛЕКЦИЯ | |
| Название коллекции | Национальная библиография |
Нет доступных экземпляров.